| 000 | 00970nam a22002537a 4500 | ||
|---|---|---|---|
| 001 | 14494 | ||
| 003 | BD-JhCC | ||
| 005 | 20251220093825.0 | ||
| 008 | 251214b |||||||| |||| 00| 0 eng d | ||
| 020 | _a9789849132486 | ||
| 035 | _a(BD-JhCC)14494 | ||
| 040 |
_aBD-JhCC _dBD-JhCC |
||
| 041 | _aবাংলা | ||
| 082 |
_223 _a491.44 _bAMI ২০২৩ |
||
| 100 | _aআমীন, মোহাম্মদ | ||
| 245 |
_aঅফিস - আদালতে বাংলা লেখার নিয়ম / _cড. মোহাম্মদ আমীন |
||
| 246 | _aOffice -Adalate Bangla Lekhar Niom | ||
| 260 |
_aঢাকাঃ _c২০২৩ _bমাওলা ব্রাদার্স, |
||
| 300 |
_a২০৮ পৃ.; _c২২সেমি. _eপেপার বাইন্ডিং |
||
| 650 | _aঅফিস আদালতে বাংলা লেখার নিয়ম | ||
| 650 | _aবাংলা ভাষা | ||
| 942 |
_2ddc _cBK |
||
| 999 |
_c14494 _d14494 |
||